|
|
|
|
| LEADER |
00639mam a22001934a 4500 |
| 020 |
|
|
|a 0335203957
|
| 020 |
|
|
|a 0335203949 (pbk.)
|
| 082 |
0 |
0 |
|a 301/.01
|b PAR/S
|
| 100 |
1 |
|
|a Parker, John,
|
| 245 |
1 |
0 |
|a Structuration:
|b concepts in the social sciences
|
| 260 |
|
|
|a New delhi
|b Viva books
|c 2002
|
| 300 |
|
|
|a xi, 142 p. ;
|
| 490 |
1 |
|
|a Concepts in the social sciences
|
| 650 |
|
0 |
|a Sociology
|
| 650 |
|
0 |
|a Social structure.
|
| 650 |
|
0 |
|a Structuralism.
|
| 942 |
|
|
|c BK
|
| 999 |
|
|
|c 148040
|d 148036
|
| 952 |
|
|
|0 0
|1 0
|4 0
|6 301_000000000000000__01_PAR_S
|7 0
|9 146809
|a IUCSSER
|b IUCSSER
|c GEN
|d 2012-10-17
|g 135.00
|l 0
|o 301/.01 PAR/S
|p IUC00094
|r 2012-10-17
|w 2012-10-17
|y BK
|